NFL Quarterbacks by First Names #4 - Browns Edition - Statistics

General Stats
  • This quiz has been taken 32 times
  • The average score is 9 of 20
Answer Stats
Year Drafted First Name Last Name % Correct
2025 Dillon Gabriel
86%
2010 Colt McCoy
79%
1999 Tim Couch
75%
2023 Dorian Thompson-Robinson
71%
2007 Brady Quinn
64%
2012 Brandon Weeden
64%
2014 Johnny Manziel
64%
2016 Cody Kessler
61%
2004 Luke McCown
46%
1986 Mike Norseth
43%
1970 Mike Phipps
43%
2005 Charlie Fry
39%
1995 Eric Zeier
32%
2000 Spergon Wynn
29%
1980 Paul McDonald
25%
1982 Steve Michuta
18%
1992 Keithen McCant
11%
1978 Mark Miller
11%
1990 Clemente Gordon
7%
1984 Terry Nugent
7%
No matching quizzes found
Score Distribution
Percent of People with Each Score
Percentile by Number Answered
Your Score History
You have not taken this quiz